Keajaiban semulajadi (Pantun) (Tamil)

Bibliographic Details
Main Author: Padmanaban
Format: Book
Published: Chennai : Manimegalai , 2003
Subjects:

MARC

LEADER 00000cam a2200000 7i4500
001 0000021924
005 20080724.0
008 080724
020 |a RM6.00 
090 0 0 |a 808.8194811   |b PAD 
100 1 |a Padmanaban 
245 1 0 |a Keajaiban semulajadi (Pantun) (Tamil)   |c Padmanaban 
260 |a Chennai :   |b Manimegalai ,   |c 2003 
650 0 |a Poetry   |x collections 
650 0 |a Tamil poetry   |x collections 
999 |a 0001033352   |b Book   |c Tamil Collection   |e Perbadanan Perpustakaan Awam Johor 
999 |a 0001033354   |b Book   |c Tamil Collection   |e Perbadanan Perpustakaan Awam Johor